000 00836nas a2200265 4500
001 BR9502865
003 BR-BrBNA
005 20231205094027.0
007 ta
008 230509b bl.|||p| |||| 00| 00por d
040 _aBR-BrBNA
_bpor
_cBiblioteca Nacional de Agricultura
041 _a(Pt)
072 _aL02
100 1 _aMarcondes-Machado, L.O.
100 1 _aParanhos, S.J.
100 1 _aBarros, Y. de M.
245 1 _aEstrategias alimentares de aves na utilizacao de frutos de Ficus microcarpa (Moraceae)em uma area antropica
650 _aAve Selvagem
650 _aMoraceae
650 _aComportamento Animal
650 _aHabito Alimentar
773 0 _tIheringia. Serie Zoologia (Brazil)
_xISSN 0073-4721
_g(Sep 1994), no. 77 p. 57-62
_wBR9502865
909 _a202311
_bLúcia
_c55
_dLúcia Elande
942 _2AGRIS
_n0
_cANA
999 _c141666
_d141666